000 00871nam a2200229Ia 4500
999 _c28799
_d28799
003 GCL
005 20240530101929.0
008 140319s9999 ua 000 0 ara d
040 _aGCL /
_cGCL
082 0 4 _a923.1
_bف ح
100 1 _aفريدون
245 1 0 _aالحسين مالك المملكة الاردنية الهاشمية مهنتى كملك :
_b احاديث ملكية /
_cنشرها بالفرنسية فريدون ؛ ترجمة غازى غزيل ؛ مراجعة محمد عزت نصرالله
260 _aالقاهرة:
_bمؤسسة مصرى للتوزيع ،
_c1987
300 _a253 ص. ؛
_c24 سم.
630 0 _aالملك الحسين
650 0 4 _aتاريخ
650 0 4 _aالاردن
650 0 4 _aالملوك
700 0 _aمحمد عزت نصرالله
_eمراجع
700 1 _aغازى غزيل
_eمترجم
942 _2ddc
_cBK